[Event "LSS No Engine Cup 69 Final"]
[Site "LSS email"]
[Date "2013.03.19"]
[Round "?"]
[White "Gurinov, Sergey Vasilyevich"]
[Black "Digalakis, Georgios"]
[Result "0-1"]
[WhiteElo "1870"]
[BlackElo "1635"]
[PlyCount "63"]
[EventDate "2013.03.20"]
[EventType "tourn (corr)"]
[EventRounds "6"]
[EventCountry "GER"]
[SourceTitle "Telechess CBM 163"]
[Source "ChessBase"]
[SourceDate "2014.11.11"]
[SourceVersion "2"]
[SourceVersionDate "2014.11.11"]
[SourceQuality "1"]

1. e4 e5 2. Nf3 Nc6 3. Bb5 a6 4. Ba4 Nf6 5. 0-0 Be7 6. Re1 b5 7. Bb3 d6 8. c3 0-0 9. h3 Na5 10. Bc2 d5 11. exd5 e4 12. Bxe4 Nxe4 13. Rxe4 Bb7 14. d3 Bxd5 15. Re1 Bd6 16. Nbd2 Re8 17. Rxe8+ Qxe8 18. b3 Qd7 19. c4 bxc4 20. dxc4 Bb7 21. Bb2 Qf5 22. Nh4 Qf4 23. g3 Qh6 24. Qg4 Bc8 25. Qf3 Rb8 26. Rd1 Bxh3 27. Ne4 Be7 28. Nf5 Bxf5 29. Qxf5 Nc6 30. Rd7 Rd8 31. Rxd8+ Bxd8 32. Nc5 0-1

[Event "LSS No Engine Cup 69 Final"]
[Site "LSS email"]
[Date "2013.03.19"]
[Round "?"]
[White "Gurinov, Sergey Vasilyevich"]
[Black "Jenneborg, Seved"]
[Result "0-1"]
[WhiteElo "1870"]
[BlackElo "1715"]
[PlyCount "107"]
[EventDate "2013.03.20"]
[EventType "tourn (corr)"]
[EventRounds "6"]
[EventCountry "GER"]
[SourceTitle "Telechess CBM 163"]
[Source "ChessBase"]
[SourceDate "2014.11.11"]
[SourceVersion "2"]
[SourceVersionDate "2014.11.11"]
[SourceQuality "1"]

1. e4 c5 2. Nf3 d6 3. d4 cxd4 4. Nxd4 Nf6 5. Nc3 a6 6. Be3 Ng4 7. Bg5 h6 8. Bh4 g5 9. Bg3 Bg7 10. h3 Nf6 11. Bc4 Qb6 12. Nb3 Qc7 13. Qe2 Nbd7 14. Nd4 b5 15. Bb3 Bb7 16. Nf5 Kf8 17. 0-0-0 Ne5 18. h4 g4 19. f4 gxf3 20. gxf3 Nh5 21. Bh2 Nc4 22. Nxg7 Nxg7 23. Rhg1 Rc8 24. Qg2 Rg8 25. Bf4 Nxb2 26. Nd5 Bxd5 27. Rxd5 a5 28. Kxb2 a4 29. Bxh6 Qc3+ 30. Kb1 axb3 31. cxb3 Qf6 32. Rh5 e6 33. Qe2 Ke7 34. Qxb5 Rcd8 35. Bg5 Nxh5 36. Bxf6+ Nxf6 37. Rxg8 Rxg8 38. a4 Nd7 39. a5 Rb8 40. Qg5+ f6 41. Qg7+ Ke8 42. Kb2 Ra8 43. Qg8+ Nf8 44. b4 Rb8 45. Kb3 Rd8 46. a6 d5 47. exd5 Rxd5 48. a7 Rd3+ 49. Ka4 Rd8 50. b5 Ke7 51. b6 Nd7 52. Qxd8+ Kxd8 53. a8Q+ Ke7 54. b7 0-1

[Event "LSS No Engine Cup 69 Final"]
[Site "LSS email"]
[Date "2013.03.19"]
[Round "?"]
[White "Gurinov, Sergey Vasilyevich"]
[Black "Nucci, Luciano"]
[Result "0-1"]
[WhiteElo "1870"]
[BlackElo "2074"]
[PlyCount "58"]
[EventDate "2013.03.20"]
[EventType "tourn (corr)"]
[EventRounds "6"]
[EventCountry "GER"]
[SourceTitle "Telechess CBM 163"]
[Source "ChessBase"]
[SourceDate "2014.11.11"]
[SourceVersion "2"]
[SourceVersionDate "2014.11.11"]
[SourceQuality "1"]

1. e4 e6 2. d4 d5 3. Nc3 Nf6 4. exd5 exd5 5. Bd3 Nc6 6. Nf3 Bb4 7. 0-0 0-0 8. h3 Re8 9. Re1 Be6 10. Bg5 h6 11. Bh4 a6 12. Qd2 Be7 13. a3 Nh5 14. Bxe7 Rxe7 15. g4 Nf6 16. Qf4 Qd7 17. Re3 Rae8 18. Rae1 Nh7 19. b3 Qd8 20. Kg2 g5 21. Qg3 Nf6 22. b4 Bc8 23. Rxe7 Rxe7 24. Rxe7 Qxe7 25. Ne2 Ne8 26. Ne5 Nxe5 27. dxe5 b6 28. c3 Bb7 29. Nd4 Ng7 0-1

[Event "BI-2012-F-00008"]
[Site "LSS email"]
[Date "2013.02.15"]
[Round "?"]
[White "Bichik, Aleksandr Mihail"]
[Black "Gurinov, Sergey Vasilyevich"]
[Result "1-0"]
[WhiteElo "2070"]
[BlackElo "1872"]
[PlyCount "93"]
[EventDate "2013.02.20"]
[EventType "tourn (corr)"]
[EventRounds "10"]
[EventCountry "GER"]
[SourceTitle "Telechess CBM 167"]
[Source "ChessBase"]
[SourceDate "2015.07.13"]
[SourceVersion "1"]
[SourceVersionDate "2015.07.13"]
[SourceQuality "1"]

1. e4 e5 2. Nf3 Nc6 3. Bb5 a6 4. Ba4 Nf6 5. 0-0 Be7 6. Nc3 b5 7. Bb3 d6 8. Nd5 Nxe4 9. d4 Nf6 10. Qe2 Bg4 11. c3 0-0 12. Nxf6+ Bxf6 13. Bd5 Qe8 14. Qe4 Bd7 15. dxe5 Bxe5 16. Ng5 g6 17. Qh4 h5 18. Re1 Bg3 19. Rxe8 Bxh4 20. Rxa8 Rxa8 21. Nxf7 Kg7 22. Bh6+ Kh7 23. Re1 Re8 24. Rxe8 Bxe8 25. Bf4 Kg7 26. Ng5 Nd8 27. g3 Bxg5 28. Bxg5 Bc6 29. c4 Bxd5 30. cxd5 Nf7 31. f4 Kf8 32. Kf2 Ke8 33. h4 Kd7 34. g4 hxg4 35. Kg3 c6 36. dxc6+ Kxc6 37. Kxg4 Kd5 38. f5 Ne5+ 39. Kf4 Nd3+ 40. Ke3 Ne5 41. fxg6 Nxg6 42. h5 Nh8 43. Bf6 Nf7 44. Bg7 Ng5 45. Kf4 Ne6+ 46. Kg4 Nxg7 47. h6 1-0

[Event "BI-2012-F-00008"]
[Site "LSS email"]
[Date "2013.02.15"]
[Round "?"]
[White "Gurinov, Sergey Vasilyevich"]
[Black "Lehnberger, Karl"]
[Result "0-1"]
[WhiteElo "1872"]
[BlackElo "2168"]
[PlyCount "98"]
[EventDate "2013.02.20"]
[EventType "tourn (corr)"]
[EventRounds "10"]
[EventCountry "GER"]
[SourceTitle "Telechess CBM 167"]
[Source "ChessBase"]
[SourceDate "2015.07.13"]
[SourceVersion "1"]
[SourceVersionDate "2015.07.13"]
[SourceQuality "1"]

1. e4 e5 2. Nf3 Nc6 3. Bb5 a6 4. Ba4 Nf6 5. 0-0 Be7 6. Re1 b5 7. Bb3 0-0 8. h3 Bb7 9. c3 d5 10. exd5 Nxd5 11. d4 exd4 12. cxd4 Na5 13. Bxd5 Bxd5 14. Nc3 Bb7 15. Bf4 Nc4 16. a4 Nxb2 17. Qe2 Bxf3 18. Qxf3 Nxa4 19. Nxa4 bxa4 20. Rxa4 a5 21. Qc6 Bb4 22. Re4 Bd6 23. Bxd6 cxd6 24. Re3 g6 25. Qd5 Qc7 26. Kh2 Ra6 27. Rea3 Rfa8 28. f4 R8a7 29. f5 Kg7 30. Rf3 Qd8 31. Rf1 Kg8 32. Rb1 Qe7 33. Rba1 Qe3 34. Rf1 Qe8 35. Rfa1 Qa8 36. Qxa8+ Rxa8 37. Kg3 Kg7 38. Kf4 Kf6 39. fxg6 hxg6 40. Ke4 Ke6 41. d5+ Kf6 42. R1a3 Rb6 43. Rxa5 Rb4+ 44. Ke3 Rxa5 45. Rxa5 Ke5 46. Ra7 f6 47. Rf7 Rb3+ 48. Ke2 g5 49. Rf8 f5 0-1

[Event "BI-2012-F-00008"]
[Site "LSS email"]
[Date "2013.02.15"]
[Round "?"]
[White "Gurinov, Sergey Vasilyevich"]
[Black "Matugin, Sergei"]
[Result "0-1"]
[WhiteElo "1872"]
[BlackElo "1958"]
[PlyCount "76"]
[EventDate "2013.02.20"]
[EventType "tourn (corr)"]
[EventRounds "10"]
[EventCountry "GER"]
[SourceTitle "Telechess CBM 167"]
[Source "ChessBase"]
[SourceDate "2015.07.13"]
[SourceVersion "1"]
[SourceVersionDate "2015.07.13"]
[SourceQuality "1"]

1. e4 e5 2. Nf3 Nc6 3. Bb5 a6 4. Ba4 b5 5. Bb3 Nf6 6. d4 d6 7. Ng5 d5 8. dxe5 Nxe5 9. exd5 h6 10. Qe2 Bd6 11. f4 hxg5 12. fxe5 Bg4 13. Qe3 0-0 14. 0-0 Re8 15. e6 c5 16. Qxg5 fxe6 17. h3 Be2 18. Rf2 Bh5 19. c3 c4 20. Bc2 exd5 21. Be3 Re5 22. Rf5 Qe7 23. Rxe5 Bxe5 24. Nd2 Re8 25. Nf1 b4 26. Ba4 bxc3 27. bxc3 Rf8 28. Bd4 Bxd4+ 29. cxd4 Qe4 30. Qe5 Be8 31. Bd1 Bg6 32. Qxe4 Bxe4 33. Ng3 Bh7 34. Bf3 c3 35. Ne2 c2 36. Kf2 Rb8 37. Rc1 Rb2 38. Ke1 Rxa2 0-1

[Event "BI-2012-F-00008"]
[Site "LSS email"]
[Date "2013.02.15"]
[Round "?"]
[White "Pijl, Richard"]
[Black "Gurinov, Sergey Vasilyevich"]
[Result "1-0"]
[WhiteElo "2324"]
[BlackElo "1872"]
[PlyCount "77"]
[EventDate "2013.02.20"]
[EventType "tourn (corr)"]
[EventRounds "10"]
[EventCountry "GER"]
[SourceTitle "Telechess CBM 167"]
[Source "ChessBase"]
[SourceDate "2015.07.13"]
[SourceVersion "1"]
[SourceVersionDate "2015.07.13"]
[SourceQuality "1"]

1. e4 e5 2. Nf3 Nc6 3. Bb5 a6 4. Ba4 Nf6 5. 0-0 Be7 6. Re1 b5 7. Bb3 0-0 8. a4 b4 9. c3 d6 10. a5 Rb8 11. Bc4 Be6 12. Bxa6 Ra8 13. Qe2 d5 14. Bb5 Rxa5 15. Rxa5 Nxa5 16. exd5 Qxd5 17. Nxe5 Bd6 18. d4 bxc3 19. bxc3 Rb8 20. Bd3 c5 21. dxc5 Qxc5 22. h3 h6 23. Ba3 Qxe5 24. Qxe5 Bxe5 25. Rxe5 Rd8 26. Bc2 Nc4 27. Rc5 Ra8 28. Bb4 g5 29. Bd3 Nb2 30. Bc2 Nc4 31. Rc7 Nd7 32. Rb7 Ra1 33. Kh2 Nde5 34. Bc5 Ra2 35. Bd1 Bf5 36. Bd4 Rb2 37. Rxb2 Nxb2 38. Bb3 Nec4 39. Ba2 1-0

[Event "CP-2012-P-00039"]
[Site "LSS email"]
[Date "2012.10.01"]
[Round "?"]
[White "Gurinov, Sergey Vasilyevich"]
[Black "Chiriffe, Rosa"]
[Result "0-1"]
[WhiteElo "1870"]
[BlackElo "1808"]
[PlyCount "104"]
[EventDate "2012.10.05"]
[EventType "tourn (corr)"]
[EventRounds "6"]
[EventCountry "GER"]
[SourceTitle "Telechess CBM 161"]
[Source "ChessBase"]
[SourceDate "2014.07.16"]
[SourceVersion "1"]
[SourceVersionDate "2014.07.16"]
[SourceQuality "1"]

1. e4 e5 2. Nf3 Nc6 3. Bb5 a6 4. Ba4 Nf6 5. 0-0 Be7 6. Re1 b5 7. Bb3 0-0 8. c3 d5 9. exd5 Nxd5 10. Nxe5 Nxe5 11. Rxe5 c6 12. d4 Bd6 13. Re1 Qh4 14. g3 Qh3 15. Be3 Bg4 16. Qd3 f5 17. f4 Kh8 18. Bxd5 cxd5 19. Nd2 Rfe8 20. Qf1 Qh5 21. a4 Rab8 22. axb5 axb5 23. Ra6 Bf8 24. Ra7 Re6 25. Qf2 Kg8 26. Nb3 Bf3 27. Nc5 Ree8 28. b4 Ra8 29. Ra5 Bd6 30. Nd7 h6 31. Rf1 Be4 32. Rfa1 Rac8 33. Bd2 Rcd8 34. Ne5 Bxe5 35. dxe5 d4 36. R5a3 dxc3 37. Rxc3 Ra8 38. Rcc1 Ra4 39. Bc3 Rd8 40. Be1 Kh7 41. e6 Rxa1 42. Rxa1 Rc8 43. Qe3 Rc2 44. Bd2 Rc6 45. e7 Re6 46. Bc3 Rxe7 47. Ra2 Qd1+ 48. Be1 Re6 49. Rd2 Qb1 50. Re2 Rc6 51. Kf2 Bd3 52. Qf3 Rc1 0-1

[Event "LSS No Engine Cup 71 Preliminary 1"]
[Site "LSS email"]
[Date "2012.08.27"]
[Round "?"]
[White "Gurinov, Sergey Vasilyevich"]
[Black "Van Rooijen, Peter"]
[Result "1/2-1/2"]
[WhiteElo "2025"]
[BlackElo "1752"]
[PlyCount "76"]
[EventDate "2012.08.28"]
[EventType "tourn (corr)"]
[EventRounds "6"]
[EventCountry "GER"]
[SourceTitle "Telechess CBM 163"]
[Source "ChessBase"]
[SourceDate "2014.11.11"]
[SourceVersion "2"]
[SourceVersionDate "2014.11.11"]
[SourceQuality "1"]

1. e4 e6 2. d4 d5 3. Nc3 Nf6 4. e5 Nfd7 5. f4 c5 6. Nf3 Nc6 7. Be3 a6 8. Be2 Be7 9. 0-0 0-0 10. Na4 cxd4 11. Nxd4 Nxd4 12. Bxd4 Qa5 13. Nc3 Nb8 14. a3 Nc6 15. Bf2 f6 16. exf6 Bxf6 17. Qd2 Be7 18. g3 Bd7 19. Rad1 Rad8 20. Bf3 Bc5 21. Bxc5 Qxc5+ 22. Qf2 Qxf2+ 23. Rxf2 Ne7 24. Ne2 Rc8 25. Nd4 Nf5 26. Nxf5 Rxf5 27. c3 g6 28. Re2 Kg7 29. Bg4 Rf6 30. Kg2 h6 31. Re5 Rc6 32. Rd4 Rb6 33. Rd2 Rf7 34. Bd1 Kf6 35. h4 h5 36. Kf2 Be8 37. Re3 a5 38. Re5 a4 1/2-1/2

[Event "LSS No Engine Cup 69 Preliminary 1"]
[Site "LSS email"]
[Date "2012.07.19"]
[Round "?"]
[White "Bouguern, Abd El Halim"]
[Black "Gurinov, Sergey Vasilyevich"]
[Result "0-1"]
[WhiteElo "1429"]
[BlackElo "2046"]
[PlyCount "46"]
[EventDate "2012.07.20"]
[EventType "tourn (corr)"]
[EventRounds "6"]
[EventCountry "GER"]
[SourceTitle "Telechess CBM 165"]
[Source "ChessBase"]
[SourceDate "2015.03.11"]
[SourceVersion "1"]
[SourceVersionDate "2015.03.11"]
[SourceQuality "1"]

1. d4 g6 2. e4 Bg7 3. Bc4 d6 4. Nf3 Nc6 5. 0-0 Nf6 6. Re1 0-0 7. c3 e5 8. Bg5 h6 9. Bh4 g5 10. Bg3 exd4 11. Nxd4 Nxe4 12. Bxf7+ Rxf7 13. Nxc6 bxc6 14. Rxe4 Rb8 15. Qe2 Bf5 16. Re3 h5 17. Qxh5 Rxb2 18. Na3 d5 19. Rae1 Bf8 20. Be5 Rh7 21. Qf3 Bg6 22. c4 d4 23. Rd1 Rxa2 0-1

[Event "LSS No Engine Cup 66 Preliminary 1"]
[Site "LSS email"]
[Date "2012.05.28"]
[Round "?"]
[White "Gurinov, Sergey Vasilyevich"]
[Black "Guaimare Rodriguez, Carlos Luis"]
[Result "1-0"]
[WhiteElo "2046"]
[BlackElo "1030"]
[PlyCount "37"]
[EventDate "2012.05.29"]
[EventType "tourn (corr)"]
[EventRounds "6"]
[EventCountry "GER"]
[SourceTitle "Corr 2015"]
[Source "ChessBase"]
[SourceDate "2015.07.17"]
[SourceVersion "1"]
[SourceVersionDate "2015.07.17"]
[SourceQuality "1"]

1. e4 e5 2. Nf3 Nc6 3. Bb5 Nf6 4. 0-0 Nxe4 5. d4 d5 6. Nxe5 Bd7 7. Nxf7 Kxf7 8. Qh5+ g6 9. Qxd5+ Kg7 10. Qxe4 Bd6 11. d5 Ne5 12. Bxd7 Qxd7 13. Nc3 Rae8 14. Qd4 Qe7 15. Ne4 Kf8 16. Bh6+ Kg8 17. Rae1 Qh4 18. f4 Qxh6 19. Nf6+ 1-0

[Event "LSS No Engine Cup 66 Preliminary 1"]
[Site "LSS email"]
[Date "2012.05.28"]
[Round "?"]
[White "Gurinov, Sergey Vasilyevich"]
[Black "Werner, Guenter"]
[Result "1-0"]
[WhiteElo "2046"]
[BlackElo "1016"]
[PlyCount "25"]
[EventDate "2012.05.29"]
[EventType "tourn (corr)"]
[EventRounds "6"]
[EventCountry "GER"]
[SourceTitle "Corr 2015"]
[Source "ChessBase"]
[SourceDate "2015.07.17"]
[SourceVersion "1"]
[SourceVersionDate "2015.07.17"]
[SourceQuality "1"]

1. e4 e6 2. d4 d5 3. Nc3 c6 4. Nf3 Nf6 5. Bd3 c5 6. exd5 cxd4 7. dxe6 Bxe6 8. Nxd4 Bd7 9. Bf4 Nc6 10. Ndb5 Qe7+ 11. Be2 0-0-0 12. Nd6+ Kc7 13. Ncb5+ 1-0

[Event "BI-2012-P-00031"]
[Site "LSS email"]
[Date "2012.04.20"]
[Round "?"]
[White "Gurinov, Sergey Vasilyevich"]
[Black "Korchut, Adam"]
[Result "1-0"]
[WhiteElo "2025"]
[BlackElo "1829"]
[PlyCount "73"]
[EventDate "2012.04.22"]
[EventType "tourn (corr)"]
[EventRounds "10"]
[EventCountry "GER"]
[SourceTitle "Telechess CBM 163"]
[Source "ChessBase"]
[SourceDate "2014.11.11"]
[SourceVersion "2"]
[SourceVersionDate "2014.11.11"]
[SourceQuality "1"]

1. e4 e5 2. Nf3 Nc6 3. Bb5 a6 4. Ba4 Nf6 5. 0-0 Be7 6. Re1 b5 7. Bb3 d6 8. c3 0-0 9. h3 Nb8 10. d4 Nbd7 11. Nbd2 Bb7 12. Bc2 Re8 13. Nf1 Bf8 14. Ng3 g6 15. Bg5 h6 16. Bd2 Bg7 17. a4 c5 18. d5 Qc7 19. b3 c4 20. b4 a5 21. axb5 axb4 22. cxb4 Rxa1 23. Qxa1 Rc8 24. Ne2 Qb6 25. Be3 Qd8 26. Qa7 Rb8 27. Nd2 Qc7 28. Qa5 Qc8 29. Qa2 Ra8 30. Qxc4 Qxc4 31. Nxc4 Rc8 32. Na3 Ra8 33. Nb1 Rc8 34. Rc1 Nh5 35. Ba4 Rxc1+ 36. Nxc1 Nb6 37. Bxb6 1-0

[Event "LSS No Engine Cup 63 Preliminary 1"]
[Site "LSS email"]
[Date "2012.04.04"]
[Round "?"]
[White "Herzog, Klaus"]
[Black "Gurinov, Sergey Vasilyevich"]
[Result "0-1"]
[WhiteElo "1819"]
[BlackElo "2061"]
[PlyCount "76"]
[EventDate "2012.04.05"]
[EventType "tourn (corr)"]
[EventRounds "6"]
[EventCountry "GER"]
[SourceTitle "Telechess CBM 153"]
[Source "ChessBase"]
[SourceDate "2013.03.14"]
[SourceVersion "1"]
[SourceVersionDate "2013.03.14"]
[SourceQuality "1"]

1. d4 d5 2. Nf3 Nf6 3. c4 c6 4. Nc3 dxc4 5. a4 Bf5 6. Ne5 Nbd7 7. Nxc4 Qc7 8. Bg5 e5 9. e3 0-0-0 10. a5 Be6 11. Qa4 h6 12. Bh4 Kb8 13. Nxe5 Nxe5 14. dxe5 g5 15. exf6 gxh4 16. Bc4 Bc8 17. Be2 Rg8 18. a6 b5 19. Qxh4 Rxg2 20. Kf1 Rg8 21. Rg1 Rxg1+ 22. Kxg1 Qe5 23. Bf3 Bd6 24. Rd1 Rg8+ 25. Kf1 Bxa6 26. b4 Bb7 27. Ne2 Kc7 28. Nd4 Qxh2 29. Qe4 Rg1+ 30. Ke2 Rxd1 31. Kxd1 Kb6 32. Nxc6 Qg1+ 33. Ke2 Qa1 34. Qc2 a6 35. Nd4 Bxf3+ 36. Kxf3 Qh1+ 37. Ke2 Qd5 38. Qc3 Be5 0-1

[Event "SA-2012-0-00254"]
[Site "LSS email"]
[Date "2012.03.31"]
[Round "?"]
[White "Tortosa, Horacio"]
[Black "Gurinov, Sergey Vasilyevich"]
[Result "1/2-1/2"]
[WhiteElo "1724"]
[BlackElo "1870"]
[PlyCount "50"]
[EventDate "2012.03.01"]
[EventType "tourn (corr)"]
[EventRounds "6"]
[EventCountry "GER"]
[SourceTitle "Telechess CBM 161"]
[Source "ChessBase"]
[SourceDate "2014.07.16"]
[SourceVersion "1"]
[SourceVersionDate "2014.07.16"]
[SourceQuality "1"]

1. d4 d5 2. Nf3 Nf6 3. c4 e6 4. Nc3 Be7 5. Bg5 0-0 6. e3 h6 7. Bh4 Ne4 8. Bxe7 Qxe7 9. Rc1 Nf6 10. Bd3 dxc4 11. Bxc4 Rd8 12. 0-0 c5 13. Qe2 cxd4 14. exd4 Nc6 15. Rfd1 a6 16. Bb3 Na5 17. Bc2 b5 18. Ne4 Bb7 19. Nc5 Bxf3 20. Qxf3 Nc4 21. b3 Nb6 22. a4 Nbd5 23. Bd3 bxa4 24. bxa4 a5 25. Bb5 Rac8 1/2-1/2

[Event "SA-2011-0-00235"]
[Site "LSS email"]
[Date "2011.12.17"]
[Round "?"]
[White "Florea, Valentin Mihail"]
[Black "Gurinov, Sergey Vasilyevich"]
[Result "1-0"]
[WhiteElo "2176"]
[BlackElo "2046"]
[PlyCount "87"]
[EventDate "2011.11.27"]
[EventType "tourn (corr)"]
[EventRounds "6"]
[EventCountry "GER"]
[SourceTitle "Telechess CBM 165"]
[Source "ChessBase"]
[SourceDate "2015.03.11"]
[SourceVersion "1"]
[SourceVersionDate "2015.03.11"]
[SourceQuality "1"]

1. d4 d5 2. c4 e6 3. Nc3 Nf6 4. Bg5 Be7 5. e3 0-0 6. Nf3 h6 7. Bh4 Nc6 8. Rc1 a5 9. Qc2 Nb4 10. Qb1 Ne4 11. Bxe7 Qxe7 12. a3 Nxc3 13. Rxc3 Nc6 14. Bd3 a4 15. 0-0 Bd7 16. Qc2 Ra5 17. Rd1 Rd8 18. Qd2 Be8 19. Bb1 f5 20. Rdc1 dxc4 21. Rxc4 Rda8 22. Ba2 Kh7 23. R4c2 Bf7 24. h3 Bg6 25. Rc5 Rxc5 26. Rxc5 Qd6 27. Qc3 Bh5 28. Nh4 g5 29. Nf3 Bxf3 30. gxf3 Kg6 31. d5 Ne5 32. Kg2 c6 33. dxe6 Nd3 34. Rc4 c5 35. Bb1 b5 36. Rg4 Ne5 37. Rg3 b4 38. Qc2 Qxe6 39. f4 bxa3 40. e4 Qc4 41. Rc3 Qxe4+ 42. Qxe4 fxe4 43. Bxe4+ Kf7 44. Bxa8 1-0

[Event "SA-2011-0-00235"]
[Site "LSS email"]
[Date "2011.12.16"]
[Round "?"]
[White "Gurinov, Sergey Vasilyevich"]
[Black "Salzmann, Stefan"]
[Result "1/2-1/2"]
[WhiteElo "2046"]
[BlackElo "2020"]
[PlyCount "50"]
[EventDate "2011.11.27"]
[EventType "tourn (corr)"]
[EventRounds "6"]
[EventCountry "GER"]
[SourceTitle "Telechess CBM 165"]
[Source "ChessBase"]
[SourceDate "2015.03.11"]
[SourceVersion "1"]
[SourceVersionDate "2015.03.11"]
[SourceQuality "1"]

1. e4 e5 2. Nf3 Nc6 3. Bb5 a6 4. Ba4 Nf6 5. 0-0 Be7 6. Re1 b5 7. Bb3 d6 8. c3 0-0 9. h3 Bb7 10. d4 Re8 11. Nbd2 Bf8 12. d5 Nb8 13. Nf1 Nbd7 14. Ng3 Nc5 15. Bc2 c6 16. Bg5 cxd5 17. exd5 Ncd7 18. Nh2 Qc7 19. Bb3 a5 20. a3 a4 21. Ba2 h6 22. Bxf6 Nxf6 23. Ng4 Nxg4 24. Qxg4 Bc8 25. Qf3 Qe7 1/2-1/2

[Event "SA-2011-0-00229"]
[Site "LSS email"]
[Date "2011.11.13"]
[Round "?"]
[White "Gurinov, Sergey Vasilyevich"]
[Black "Husemann, Andreas"]
[Result "1/2-1/2"]
[WhiteElo "2061"]
[BlackElo "1907"]
[PlyCount "70"]
[EventDate "2011.11.02"]
[EventType "tourn (corr)"]
[EventRounds "6"]
[EventCountry "GER"]
[SourceTitle "Telechess CBM 153"]
[Source "ChessBase"]
[SourceDate "2013.03.14"]
[SourceVersion "1"]
[SourceVersionDate "2013.03.14"]
[SourceQuality "1"]

1. e4 e5 2. Nf3 Nf6 3. Nxe5 d6 4. Nf3 Nxe4 5. d4 d5 6. Bd3 Nc6 7. 0-0 Be7 8. Nc3 Bf5 9. Re1 Nxc3 10. bxc3 Bxd3 11. Qxd3 0-0 12. c4 Bf6 13. cxd5 Qxd5 14. c3 Rfe8 15. Bf4 Qd7 16. Qb5 b6 17. h3 h6 18. Nh2 a6 19. Qh5 Rxe1+ 20. Rxe1 Re8 21. Rxe8+ Qxe8 22. Ng4 Bd8 23. Qd5 a5 24. Ne3 Ne7 25. Qe4 Qd7 26. Bg3 b5 27. d5 Nc8 28. c4 bxc4 29. Qxc4 Nd6 30. Qa6 Ne4 31. Be5 Qe8 32. Bf4 Qe7 33. Qc6 Nf6 34. Qa8 Ne4 35. Qc8 Qf6 1/2-1/2